[Event "CMA Futurity 2017.02.14 ABC"]
[Site "Toronto CAN"]
[Date "2017.04.16"]
[Round "5"]
[White "Li, William"]
[Black "Zhao, Yue Tong (Davy)"]
[Result "1/2-1/2"]
[WhiteElo "1990"]
[BlackElo "1870"]
[WhiteFideId "-1"]
[WhiteFideId "-1"]
[PlyCount "129"]
[GameId "2160767908411996"]
[EventDate "2017.04.14"]
[EventType "tourn"]
[EventRounds "5"]
[EventCountry "CAN"]

1. e4 d6 2. d4 Nf6 3. Nc3 Nbd7 4. Bc4 e5 5. Nge2 exd4 6. Nxd4 Ne5 7. Be2 Be7 8. f4 Ng6 9. O-O O-O 10. h3 Re8 11. Re1 c6 12. Be3 Bf8 13. Bf3 Nh4 14. Bf2 Nxf3+ 15. Qxf3 Qc7 16. a4 Bd7 17. g4 Kh8 18. g5 Ng8 19. f5 f6 20. h4 b6 21. Nce2 c5 22. Nb5 Qc6 23. Nbc3 Ne7 24. Ng3 Rad8 25. Nd5 Nxd5 26. exd5 Qc8 27. Rxe8 Rxe8 28. Be1 Be7 29. Bc3 Rg8 30. Re1 Qf8 31. Nh5 Bd8 32. g6 h6 33. Qg4 Bc7 34. Nf4 Qc8 35. Ne6 Bxe6 36. fxe6 Bd8 37. Qh5 Re8 38. Kh1 Be7 39. Rf1 Qd8 40. Bd2 Bf8 41. c4 a5 42. Rf5 Re7 43. Qf3 Qe8 44. Bc3 Kg8 45. b3 Rc7 46. Kh2 Rb7 47. Kh3 Ra7 48. Qg3 Rb7 49. Bd2 Be7 50. Bf4 Qf8 51. Be3 Ra7 52. Rf1 Rb7 53. Qg4 Ra7 54. Rg1 Bd8 55. Bf4 Be7 56. Bxh6 gxh6 57. g7 Qe8 58. Qf5 Bd8 59. Qg4 f5 60. Qg3 f4 61. Qxf4 Rxg7 62. Rxg7+ Kxg7 63. Qxd6 Qe7 64. Qg3+ Kh7 65. Qd3+ 1/2-1/2

[Event "CMA Futurity 2017.02.14 ABC"]
[Site "Toronto CAN"]
[Date "2017.04.16"]
[Round "5"]
[White "Srinivas, Atharva"]
[Black "Chang, Martin1"]
[Result "1/2-1/2"]
[WhiteElo "1037"]
[BlackElo "1800"]
[WhiteFideId "-1"]
[WhiteFideId "-1"]
[PlyCount "59"]
[GameId "2160767908411998"]
[EventDate "2017.04.14"]
[EventType "tourn"]
[EventRounds "5"]
[EventCountry "CAN"]
[SourceTitle "EXT 2022"]
[Source "ChessBase"]
[SourceDate "2021.10.06"]
[SourceVersion "1"]
[SourceVersionDate "2021.10.06"]
[SourceQuality "1"]

1. e4 c5 2. Nc3 Nc6 3. f4 g6 4. Bb5 Bg7 5. Bxc6 bxc6 6. d3 d6 7. Nf3 Nf6 8. O-O O-O 9. h3 Rb8 10. Qe1 d5 11. Qh4 Ne8 12. f5 dxe4 13. dxe4 f6 14. fxg6 hxg6 15. Bh6 Rxb2 16. Rad1 Qa5 17. Nb1 Rxc2 18. g4 Qxa2 19. Nbd2 c4 20. g5 c3 21. gxf6 exf6 22. Bxg7 Kxg7 23. e5 Qe6 24. exf6+ Qxf6 25. Ng5 Rh8 26. Rxf6 Rxh4 27. Rf7+ Kh6 28. Rh7+ Kxg5 29. Nf3+ Kf6 30. Rxh4 1/2-1/2

[Event "CMA Futurity 2017.02.14 ABC"]
[Site "Toronto CAN"]
[Date "2017.04.16"]
[Round "5"]
[White "Uthayakumar, Ronan"]
[Black "Cheryachukin, Yury"]
[Result "0-1"]
[WhiteElo "1633"]
[BlackElo "1781"]
[WhiteFideId "-1"]
[WhiteFideId "-1"]
[PlyCount "78"]
[GameId "2160767908411999"]
[EventDate "2017.04.14"]
[EventType "tourn"]
[EventRounds "5"]
[EventCountry "CAN"]
[SourceTitle "EXT 2022"]
[Source "ChessBase"]
[SourceDate "2021.10.06"]
[SourceVersion "1"]
[SourceVersionDate "2021.10.06"]
[SourceQuality "1"]

1. e4 e5 2. Nf3 Nf6 3. Nxe5 d6 4. Nf3 Nxe4 5. Nc3 Nxc3 6. dxc3 Be7 7. Be3 Nc6 8. Qd2 Be6 9. Be2 Qd7 10. Nd4 Bg4 11. O-O-O Bxe2 12. Qxe2 O-O 13. g4 Nxd4 14. cxd4 d5 15. h4 c6 16. g5 Qf5 17. f4 Bd6 18. Qf2 Rae8 19. Rde1 Re4 20. Bd2 Rfe8 21. Kb1 g6 22. Rxe4 Rxe4 23. Rf1 Qg4 24. Re1 Rxe1+ 25. Qxe1 Bxf4 26. Bb4 Qe6 27. Qc3 Qe3 28. Qe1 Qxe1+ 29. Bxe1 h6 30. gxh6 Kh7 31. c3 Kxh6 32. Kc2 Kh5 33. Kd3 Kg4 34. b4 Bg3 35. Bd2 b5 36. a4 a6 37. c4 Bxh4 38. axb5 axb5 39. cxb5 cxb5 0-1

[Event "CMA Futurity 2017.02.14 ABC"]
[Site "Toronto CAN"]
[Date "2017.04.16"]
[Round "5"]
[White "Zotkin, Daniel"]
[Black "Liu, Lambert"]
[Result "1/2-1/2"]
[WhiteElo "1946"]
[BlackElo "1923"]
[WhiteFideId "-1"]
[WhiteFideId "-1"]
[PlyCount "55"]
[GameId "2160767908412001"]
[EventDate "2017.04.14"]
[EventType "tourn"]
[EventRounds "5"]
[EventCountry "CAN"]

1. e4 c5 2. Nf3 g6 3. c3 d5 4. e5 Nc6 5. d4 Bg4 6. Bb5 Qb6 7. Bxc6+ Qxc6 8. Nbd2 cxd4 9. cxd4 e6 10. h3 Bxf3 11. Nxf3 Ne7 12. O-O Bg7 13. Bg5 Qd7 14. Qd2 O-O 15. Bf6 Rfc8 16. Rac1 Bf8 17. h4 Rxc1 18. Rxc1 Rc8 19. h5 Rxc1+ 20. Qxc1 Qc6 21. Qd2 Qd7 22. hxg6 fxg6 23. Qf4 Nf5 24. g4 Nh6 25. Ng5 Nf7 26. Nxf7 Qxf7 27. Qc1 Qd7 28. Kg2 1/2-1/2

[Event "CMA Futurity ABCD"]
[Site "Montreal CAN"]
[Date "2017.04.14"]
[Round "1"]
[White "Blanchette, Rene"]
[Black "Tsukerman, Julia"]
[Result "1-0"]
[WhiteElo "1712"]
[BlackElo "1396"]
[WhiteFideId "-1"]
[WhiteFideId "-1"]
[PlyCount "51"]
[GameId "2160767908412003"]
[EventDate "2017.04.14"]
[EventType "swiss"]
[EventRounds "5"]
[EventCountry "CAN"]
[SourceTitle "EXT 2022"]
[Source "ChessBase"]
[SourceDate "2021.10.06"]
[SourceVersion "1"]
[SourceVersionDate "2021.10.06"]
[SourceQuality "1"]

1. e4 c5 2. Nf3 d6 3. d4 cxd4 4. Nxd4 Nf6 5. Nc3 a6 6. Bg5 e6 7. f4 Be7 8. Qf3 Nc6 9. O-O-O Qc7 10. Nxc6 bxc6 11. e5 Nd5 12. Bxe7 Qxe7 13. Ne4 dxe5 14. fxe5 O-O 15. Bd3 Rb8 16. c3 Bb7 17. Rhf1 c5 18. Qh5 h6 19. Nf6+ Kh8 20. Rf3 Nxf6 21. Rxf6 g6 22. Qxh6+ Kg8 23. Bxg6 fxg6 24. Rxg6+ Kf7 25. Rg7+ Ke8 26. Qg6+ 1-0

[Event "CMA Futurity ABCD"]
[Site "Montreal CAN"]
[Date "2017.04.14"]
[Round "1"]
[White "Broday, Gabriel Renan"]
[Black "Abbas, Talal"]
[Result "1-0"]
[WhiteElo "2074"]
[BlackElo "1945"]
[WhiteFideId "-1"]
[WhiteFideId "-1"]
[PlyCount "65"]
[GameId "2160767908412004"]
[EventDate "2017.04.14"]
[EventType "swiss"]
[EventRounds "5"]
[EventCountry "CAN"]
[SourceTitle "EXT 2022"]
[Source "ChessBase"]
[SourceDate "2021.10.06"]
[SourceVersion "1"]
[SourceVersionDate "2021.10.06"]
[SourceQuality "1"]

1. e4 c5 2. Nf3 d6 3. Bc4 e6 4. Qe2 Nc6 5. c3 Nf6 6. Bb3 Qc7 7. O-O Be7 8. d4 O-O 9. Rd1 b6 10. Bg5 Bb7 11. Nbd2 Na5 12. Bc2 cxd4 13. Nxd4 Nc6 14. Nb5 Qb8 15. Nc4 Rd8 16. f4 a6 17. Nd4 b5 18. Ne3 b4 19. Kh1 bxc3 20. bxc3 Qc7 21. Rac1 Na5 22. Bxf6 Bxf6 23. Ng4 Be7 24. e5 dxe5 25. fxe5 Ba3 26. Qd3 g6 27. Rb1 Bd5 28. Nf6+ Kg7 29. Qg3 Be7 30. Nxd5 exd5 31. Rf1 Rf8 32. Rxf7+ Rxf7 33. Ne6+ 1-0

[Event "CMA Futurity ABCD"]
[Site "Montreal CAN"]
[Date "2017.04.14"]
[Round "1"]
[White "Desmarais, Serge"]
[Black "Kay, Sang Kill"]
[Result "0-1"]
[WhiteElo "1680"]
[BlackElo "1623"]
[WhiteFideId "-1"]
[WhiteFideId "-1"]
[PlyCount "88"]
[GameId "2160767908412006"]
[EventDate "2017.04.14"]
[EventType "swiss"]
[EventRounds "5"]
[EventCountry "CAN"]
[SourceTitle "EXT 2022"]
[Source "ChessBase"]
[SourceDate "2021.10.06"]
[SourceVersion "1"]
[SourceVersionDate "2021.10.06"]
[SourceQuality "1"]

1. b3 Nf6 2. Bb2 d5 3. Nf3 Bf5 4. e3 e6 5. d4 Bd6 6. Bd3 Ne4 7. c4 c6 8. Nc3 Nd7 9. O-O h5 10. Qc2 Ndf6 11. h3 g5 12. Ne5 Qc7 13. f4 gxf4 14. exf4 O-O-O 15. cxd5 exd5 16. Rac1 Rdg8 17. Rf3 Kb8 18. Qd1 Rg7 19. Bxe4 Bxe4 20. Nxe4 Nxe4 21. Qe1 Rhg8 22. Rc2 f6 23. Nd3 Rg3 24. Qe3 h4 25. Nc5 Rxf3 26. Qxf3 Bxf4 27. Nxe4 dxe4 28. Qxe4 Bg3 29. d5 Qd7 30. Bxf6 Re8 31. Bxh4 Rxe4 32. Bxg3+ Kc8 33. d6 Qg7 34. Bf2 Qg6 35. Rd2 Kd7 36. Bxa7 Re1+ 37. Kh2 Qb1 38. Bf2 Rh1+ 39. Kg3 Qg6+ 40. Kf3 Qf5+ 41. Ke3 Rc1 42. g4 Rc3+ 43. Kd4 Qf6+ 44. Ke4 Ke6 0-1

[Event "CMA Futurity ABCD"]
[Site "Montreal CAN"]
[Date "2017.04.14"]
[Round "1"]
[White "Gauthier, Denis"]
[Black "Barko, Maxim"]
[Result "1-0"]
[WhiteElo "1858"]
[BlackElo "1860"]
[WhiteFideId "-1"]
[WhiteFideId "-1"]
[PlyCount "117"]
[GameId "2160767908412007"]
[EventDate "2017.04.14"]
[EventType "swiss"]
[EventRounds "5"]
[EventCountry "CAN"]
[SourceTitle "EXT 2022"]
[Source "ChessBase"]
[SourceDate "2021.10.06"]
[SourceVersion "1"]
[SourceVersionDate "2021.10.06"]
[SourceQuality "1"]

1. d4 e6 2. c4 b6 3. e4 Bb7 4. Bd3 Bb4+ 5. Bd2 Bxd2+ 6. Nxd2 Nc6 7. Ngf3 Qf6 8. e5 Qf4 9. Be4 f5 10. Bxc6 Bxc6 11. Qe2 Ne7 12. O-O-O O-O 13. Kb1 Rab8 14. Qe3 Qxe3 15. fxe3 b5 16. Rhe1 bxc4 17. Nxc4 Rb4 18. Na3 Nd5 19. Kc1 f4 20. Nc2 Ra4 21. a3 Rc4 22. exf4 Nxf4 23. b3 Rc3 24. Kb2 Bxf3 25. Kxc3 Bxd1 26. Rxd1 Nxg2 27. d5 Nf4 28. dxe6 dxe6 29. Nd4 Nd5+ 30. Kb2 Rf2+ 31. Kc1 Kf7 32. h3 Ne3 33. Rd3 Nd5 34. Rd1 a6 35. b4 g5 36. Rd3 h5 37. Rg3 Rf4 38. Nc6 g4 39. hxg4 Rxg4 40. Rf3+ Rf4 41. Rh3 Rf5 42. Nb8 Rxe5 43. Nxa6 Kg6 44. Nc5 Re3 45. Rxe3 Nxe3 46. Nxe6 Nd5 47. Kd2 Kf5 48. Ng7+ Kg4 49. Nxh5 Kxh5 50. Kd3 Kg5 51. Kd4 Nf4 52. Kc5 Kf5 53. Kc6 Ne6 54. a4 Kf6 55. a5 Ke7 56. a6 Nd4+ 57. Kxc7 Nb5+ 58. Kb6 Nd6 59. a7 1-0

[Event "CMA Futurity ABCD"]
[Site "Montreal CAN"]
[Date "2017.04.14"]
[Round "1"]
[White "Goler, Isil"]
[Black "Zheng, Richard"]
[Result "0-1"]
[WhiteElo "1818"]
[BlackElo "1870"]
[WhiteFideId "-1"]
[WhiteFideId "-1"]
[PlyCount "194"]
[GameId "2160767908412008"]
[EventDate "2017.04.14"]
[EventType "swiss"]
[EventRounds "5"]
[EventCountry "CAN"]
[SourceTitle "EXT 2022"]
[Source "ChessBase"]
[SourceDate "2021.10.06"]
[SourceVersion "1"]
[SourceVersionDate "2021.10.06"]
[SourceQuality "1"]

1. d4 Nf6 2. c4 e6 3. Nf3 d5 4. Nc3 h6 5. e3 Nbd7 6. Bd3 c5 7. cxd5 exd5 8. O-O Bd6 9. dxc5 Nxc5 10. Bb5+ Bd7 11. Bxd7+ Qxd7 12. a3 O-O 13. b4 Nce4 14. Bb2 a5 15. Qd4 Nxc3 16. Bxc3 axb4 17. Bxb4 Bxb4 18. axb4 Rxa1 19. Qxa1 Qb5 20. Qb2 Rc8 21. Nd4 Qc4 22. h3 Nd7 23. Nf5 Qc3 24. Qxc3 Rxc3 25. Ne7+ Kf8 26. Nxd5 Rd3 27. Nf4 Rb3 28. Rd1 Ne5 29. Rd4 Nc6 30. Rc4 Rb1+ 31. Kh2 Rxb4 32. Rc5 Ke7 33. Nd5+ Kd6 34. Rxc6+ Kxd5 35. Rc7 Ke6 36. Kg3 b5 37. Kf3 Rb2 38. Rc6+ Kd7 39. Rc5 Kd6 40. Rc8 b4 41. Rg8 b3 42. Rb8 g6 43. g4 Rb1 44. Ke4 b2 45. Kd3 Rd1+ 46. Kc2 Rf1 47. Kxb2 Rxf2+ 48. Kc3 Rf3 49. Kd4 Rxh3 50. Rb6+ Ke7 51. Ke4 Rh4 52. Kf3 Rh3+ 53. Kf2 Kf8 54. Rb3 Kg7 55. Kg2 Rh4 56. Kg3 Rh1 57. Kg2 Rc1 58. Rb6 Rc5 59. Kg3 Re5 60. Kf4 Re6 61. Rb8 Kf6 62. Rh8 g5+ 63. Kf3 Ke5 64. Rb8 Rf6+ 65. Ke2 Rd6 66. Re8+ Re6 67. Rb8 Kf6 68. Rh8 Kg7 69. Rc8 Kg6 70. Rg8+ Kh7 71. Rc8 f6 72. Rc7+ Kg6 73. Rc8 Re7 74. Rc6 Rf7 75. Kf3 h5 76. gxh5+ Kxh5 77. Re6 Kh4 78. Re4+ Kh3 79. Rg4 Re7 80. Rg1 Kh2 81. Rg2+ Kh1 82. Rg3 Rh7 83. Kg4 Rh4+ 84. Kf5 Kh2 85. Rg4 Kh3 86. Rg1 Kh2 87. Rf1 Kg2 88. Rd1 g4 89. Rd4 Kf3 90. Rf4+ Kxe3 91. Rxg4 Rxg4 92. Kxg4 Ke4 93. Kg3 f5 94. Kf2 Kf4 95. Kg2 Ke3 96. Kf1 Kf3 97. Kg1 Ke2 0-1

[Event "CMA Futurity ABCD"]
[Site "Montreal CAN"]
[Date "2017.04.14"]
[Round "1"]
[White "Guipi Bopala, Prince Eric jr"]
[Black "Baran, Marius"]
[Result "0-1"]
[WhiteElo "1588"]
[BlackElo "1759"]
[WhiteFideId "-1"]
[WhiteFideId "-1"]
[PlyCount "192"]
[GameId "2160767908412009"]
[EventDate "2017.04.14"]
[EventType "swiss"]
[EventRounds "5"]
[EventCountry "CAN"]
[SourceTitle "EXT 2022"]
[Source "ChessBase"]
[SourceDate "2021.10.06"]
[SourceVersion "1"]
[SourceVersionDate "2021.10.06"]
[SourceQuality "1"]

1. d4 d5 2. Bf4 Nf6 3. e3 Bf5 4. c4 e6 5. Qb3 b6 6. Nc3 Bd6 7. Bg5 c6 8. cxd5 exd5 9. Nf3 Nbd7 10. Be2 Qc7 11. Rc1 Qb7 12. O-O O-O 13. Rfd1 Rac8 14. a3 Rfe8 15. a4 h6 16. Bh4 Ng4 17. Bd3 Bxd3 18. Rxd3 Qb8 19. Bg3 Bxg3 20. hxg3 Ndf6 21. Rd2 Qd6 22. Rdc2 Qe6 23. Qa3 c5 24. Nb5 a6 25. Nc3 c4 26. b3 Qf5 27. bxc4 Rxc4 28. Qb3 Rec8 29. Qxb6 Ne4 30. Qa5 Qe6 31. Ne1 Qc6 32. Nxd5 Kf8 33. Nb6 Rxc2 34. Rxc2 Qxc2 35. Nxc2 Rxc2 36. Qe1 Nexf2 37. d5 Nd3 38. Qd1 Rc1 39. Qxc1 Nxc1 40. Kf1 Nxe3+ 41. Kf2 Nf5 42. Kf3 Nd6 43. Ke3 Nb3 44. Kd3 Ke8 45. Kc3 Nc5 46. Kb4 Ncb7 47. g4 Kd8 48. a5 f5 49. gxf5 Nxf5 50. Na4 Ne3 51. d6 Nxd6 52. Nc5 Nd5+ 53. Ka4 Nc7 54. Nd3 Ke7 55. Kb4 Ne4 56. Ne5 Kd6 57. Nc4+ Kc6 58. Ne5+ Kd5 59. Nd7 h5 60. Nb6+ Kc6 61. Nc8 Nd5+ 62. Ka4 Nc5+ 63. Ka3 Kb5 64. Nd6+ Kxa5 65. Nf5 Ne6 66. Nd6 Ne3 67. g3 Kb6 68. Kb4 g5 69. Ne4 Nf5 70. Kc4 a5 71. Kd5 Neg7 72. Nxg5 Nxg3 73. Kc4 h4 74. Kb3 N7h5 75. Nh3 Ne2 76. Kc4 Nef4 77. Ng1 h3 78. Nf3 Ng3 79. Nh2 Nfe2 80. Kb3 Kb5 81. Ka3 Nd4 82. Kb2 Ne4 83. Ka3 Nd2 84. Kb2 N2f3 85. Nf1 h2 86. Ng3 Kb4 87. Ka2 Nd2 88. Kb2 Kc4 89. Ka2 Kb4 90. Kb2 Ne6 91. Kc2 Nc4 92. Kb1 Ng5 93. Ka2 Nd2 94. Kb2 Nge4 95. Nh1 Nf1 96. Ka2 Nfg3 0-1

[Event "CMA Futurity ABCD"]
[Site "Montreal CAN"]
[Date "2017.04.14"]
[Round "1"]
[White "Leveille, Francois"]
[Black "Tomb, Maroun"]
[Result "0-1"]
[WhiteElo "2261"]
[BlackElo "2133"]
[WhiteFideId "-1"]
[WhiteFideId "-1"]
[PlyCount "98"]
[GameId "2160767908412010"]
[EventDate "2017.04.14"]
[EventType "swiss"]
[EventRounds "5"]
[EventCountry "CAN"]
[SourceTitle "EXT 2022"]
[Source "ChessBase"]
[SourceDate "2021.10.06"]
[SourceVersion "1"]
[SourceVersionDate "2021.10.06"]
[SourceQuality "1"]

1. d4 Nf6 2. c4 d6 3. Nf3 Nbd7 4. Nc3 e5 5. e4 Be7 6. Be2 O-O 7. O-O c6 8. Re1 Qc7 9. Rb1 a5 10. Bf1 Re8 11. a3 exd4 12. Nxd4 Bf8 13. b4 axb4 14. axb4 g6 15. h3 Bg7 16. Bf4 Nh5 17. Be3 Nf8 18. Qd2 Ne6 19. Nde2 Rd8 20. g3 Nf8 21. Red1 Be6 22. Nd4 Bd7 23. Rbc1 Be8 24. Nde2 Bh8 25. Rb1 Ne6 26. f4 Ra3 27. Kh2 Bg7 28. Bg2 Qe7 29. Qc1 Rda8 30. Rd3 Qf8 31. Qd2 f5 32. exf5 gxf5 33. Rc1 Rd8 34. Re1 Bf7 35. b5 Rc8 36. bxc6 bxc6 37. Qc1 d5 38. cxd5 cxd5 39. Qd2 d4 40. Nxd4 Nxd4 41. Bxd4 Bxd4 42. Nd5 Rxd3 43. Qxd3 Bc5 44. Qxf5 Bg6 45. Qe6+ Kh8 46. Qe5+ Ng7 47. Nf6 Bf2 48. Rf1 Qc5 49. Qb2 Bd4 0-1

[Event "CMA Futurity ABCD"]
[Site "Montreal CAN"]
[Date "2017.04.14"]
[Round "1"]
[White "Morin, Maxime"]
[Black "Gauthier, Luc"]
[Result "1-0"]
[WhiteElo "1737"]
[BlackElo "1576"]
[WhiteFideId "-1"]
[WhiteFideId "-1"]
[PlyCount "75"]
[GameId "2160767908412012"]
[EventDate "2017.04.14"]
[EventType "swiss"]
[EventRounds "5"]
[EventCountry "CAN"]
[SourceTitle "EXT 2022"]
[Source "ChessBase"]
[SourceDate "2021.10.06"]
[SourceVersion "1"]
[SourceVersionDate "2021.10.06"]
[SourceQuality "1"]

1. e4 Nf6 2. e5 Nd5 3. d4 d6 4. f4 Bf5 5. Bd3 Bxd3 6. Qxd3 c6 7. Nf3 g6 8. O-O Bg7 9. Re1 e6 10. Nc3 Nb4 11. Qe2 d5 12. Nd1 O-O 13. c3 N4a6 14. Ne3 c5 15. g4 Nc6 16. Nc2 cxd4 17. cxd4 Nab4 18. Ne3 Qb6 19. a3 Na6 20. Qd3 Rac8 21. Bd2 Nab8 22. b4 Nd7 23. b5 Na5 24. Bb4 Rfe8 25. Rac1 Bf8 26. Bxf8 Rxf8 27. a4 f6 28. Kg2 Rxc1 29. Rxc1 fxe5 30. fxe5 Qd8 31. Nf1 Nc4 32. N1d2 Nxd2 33. Qxd2 Kg7 34. Qg5 Qb6 35. Qe7+ Rf7 36. Qd6 Qxd6 37. exd6 Nb6 38. Ne5 1-0

[Event "CMA Futurity ABCD"]
[Site "Montreal CAN"]
[Date "2017.04.14"]
[Round "1"]
[White "Morin-Pare, Victor"]
[Black "Nesterov, Timour"]
[Result "0-1"]
[WhiteElo "1656"]
[BlackElo "1858"]
[WhiteFideId "-1"]
[WhiteFideId "-1"]
[PlyCount "54"]
[GameId "2160767908412013"]
[EventDate "2017.04.14"]
[EventType "swiss"]
[EventRounds "5"]
[EventCountry "CAN"]
[SourceTitle "EXT 2022"]
[Source "ChessBase"]
[SourceDate "2021.10.06"]
[SourceVersion "1"]
[SourceVersionDate "2021.10.06"]
[SourceQuality "1"]

1. d4 e6 2. c4 f5 3. Nc3 Nf6 4. Qc2 d6 5. Nf3 Be7 6. e4 fxe4 7. Nxe4 O-O 8. Bd3 h6 9. h4 Nc6 10. Bd2 Nxe4 11. Bxe4 Bf6 12. Be3 d5 13. Bh7+ Kh8 14. Bg6 e5 15. dxe5 Nxe5 16. Ng5 d4 17. O-O-O c5 18. f4 Ng4 19. Bf7 Bxg5 20. hxg5 Nxe3 21. Qg6 Bf5 22. Rxh6+ gxh6 23. Qxh6+ Bh7 24. Bg6 Qe7 25. Rh1 Rxf4 26. Bxh7 Qf8 27. Qh5 Rf1+ 0-1

[Event "CMA Futurity ABCD"]
[Site "Montreal CAN"]
[Date "2017.04.14"]
[Round "1"]
[White "Ouellet, Maili-Jade"]
[Black "Turcotte, Jonathan"]
[Result "1/2-1/2"]
[WhiteElo "1986"]
[BlackElo "1970"]
[WhiteFideId "-1"]
[WhiteFideId "-1"]
[PlyCount "74"]
[GameId "2160767908412014"]
[EventDate "2017.04.14"]
[EventType "swiss"]
[EventRounds "5"]
[EventCountry "CAN"]
[SourceTitle "EXT 2022"]
[Source "ChessBase"]
[SourceDate "2021.10.06"]
[SourceVersion "1"]
[SourceVersionDate "2021.10.06"]
[SourceQuality "1"]

1. d4 d5 2. c4 c6 3. Nf3 Nf6 4. Nc3 e6 5. Bg5 h6 6. Bxf6 Qxf6 7. e3 Nd7 8. Bd3 dxc4 9. Bxc4 g6 10. O-O Bg7 11. e4 e5 12. dxe5 Nxe5 13. Nxe5 Qxe5 14. Qe2 Be6 15. Rad1 O-O 16. a3 Rfe8 17. Kh1 Qc5 18. Bd3 Rad8 19. f4 Bb3 20. Rde1 Qd6 21. Rf3 Bxc3 22. bxc3 Be6 23. e5 Qc5 24. f5 Bxf5 25. Bxf5 Rxe5 26. Be4 f5 27. Qa2+ Kg7 28. Rb1 Rxe4 29. Rxb7+ Re7 30. Rxe7+ Qxe7 31. Rf1 Qf7 32. Qe2 Qe8 33. Qa6 Qd7 34. h3 Rb8 35. Re1 Rb5 36. c4 Rb2 37. Qa5 Rd2 1/2-1/2

[Event "CMA Futurity ABCD"]
[Site "Montreal CAN"]
[Date "2017.04.14"]
[Round "1"]
[White "Robichaud, Louis"]
[Black "Forget, Luc"]
[Result "1-0"]
[WhiteElo "2039"]
[BlackElo "1968"]
[WhiteFideId "-1"]
[WhiteFideId "-1"]
[PlyCount "67"]
[GameId "2160767908412015"]
[EventDate "2017.04.14"]
[EventType "swiss"]
[EventRounds "5"]
[EventCountry "CAN"]
[SourceTitle "EXT 2022"]
[Source "ChessBase"]
[SourceDate "2021.10.06"]
[SourceVersion "1"]
[SourceVersionDate "2021.10.06"]
[SourceQuality "1"]

1. e4 e6 2. d3 d5 3. Nd2 c5 4. g3 Nc6 5. Bg2 Nf6 6. Ngf3 Be7 7. O-O O-O 8. Re1 Qc7 9. e5 Nd7 10. Qe2 b5 11. Nf1 Bb7 12. Bf4 a5 13. h4 b4 14. h5 a4 15. N1h2 Qb6 16. Ng4 Kh8 17. Qd2 Nd4 18. Nxd4 cxd4 19. b3 Ra7 20. h6 g6 21. Bg5 Bxg5 22. Qxg5 Qd8 23. Qf4 Qe7 24. Qxd4 Rfa8 25. Rac1 Ra5 26. c4 axb3 27. axb3 Nc5 28. cxd5 Nxb3 29. Qf4 Bxd5 30. Rc7 g5 31. Rxe7 gxf4 32. Bxd5 exd5 33. Rxf7 Nd4 34. e6 1-0

[Event "CMA Futurity ABCD"]
[Site "Montreal CAN"]
[Date "2017.04.14"]
[Round "1"]
[White "Turgeon, Yoakim"]
[Black "Yergeau, Simon"]
[Result "0-1"]
[WhiteElo "1822"]
[BlackElo "1646"]
[WhiteFideId "-1"]
[WhiteFideId "-1"]
[PlyCount "64"]
[GameId "2160767908412016"]
[EventDate "2017.04.14"]
[EventType "swiss"]
[EventRounds "5"]
[EventCountry "CAN"]
[SourceTitle "EXT 2022"]
[Source "ChessBase"]
[SourceDate "2021.10.06"]
[SourceVersion "1"]
[SourceVersionDate "2021.10.06"]
[SourceQuality "1"]

1. d4 d5 2. e3 Bf5 3. c4 c6 4. cxd5 cxd5 5. Bb5+ Nc6 6. Nf3 Bxb1 7. Bxc6+ bxc6 8. Rxb1 Qa5+ 9. Bd2 Qxa2 10. Ne5 Qa6 11. Qf3 Nf6 12. g4 g5 13. h4 Rg8 14. hxg5 Rxg5 15. e4 dxe4 16. Qb3 Rxe5 17. dxe5 Nxg4 18. Rxh7 Nxe5 19. Kd1 Qf1+ 20. Kc2 Qxf2 21. Qe3 Qf5 22. Rh4 Ng4 23. Qg5 Qxg5 24. Bxg5 f5 25. Kd2 O-O-O+ 26. Ke2 Re8 27. Rh7 Kd7 28. Rf1 Ke6 29. Be3 Nxe3 30. Kxe3 Ke5 31. Rf7 e6 32. Rxa7 Bc5+ 0-1

[Event "CMA Futurity ABCD"]
[Site "Montreal CAN"]
[Date "2017.04.14"]
[Round "1"]
[White "Zhong, Kevin"]
[Black "O'Connor, Michael"]
[Result "1-0"]
[WhiteElo "1575"]
[BlackElo "1713"]
[WhiteFideId "-1"]
[WhiteFideId "-1"]
[PlyCount "59"]
[GameId "2160767908412017"]
[EventDate "2017.04.14"]
[EventType "swiss"]
[EventRounds "5"]
[EventCountry "CAN"]
[SourceTitle "EXT 2022"]
[Source "ChessBase"]
[SourceDate "2021.10.06"]
[SourceVersion "1"]
[SourceVersionDate "2021.10.06"]
[SourceQuality "1"]

1. e4 c5 2. Ne2 Nc6 3. Nbc3 Nf6 4. g3 d5 5. exd5 Nxd5 6. Bg2 e6 7. O-O Be7 8. Nxd5 exd5 9. d4 cxd4 10. Nxd4 O-O 11. Be3 Bf6 12. c3 Nxd4 13. Bxd4 Be6 14. Qd2 Bxd4 15. Qxd4 Qd7 16. Rad1 Rfd8 17. Rd2 Qc6 18. Rfd1 h6 19. c4 Qa6 20. cxd5 Rac8 21. Qf4 Bd7 22. d6 Rc4 23. Qe5 Re8 24. Qd5 Bc6 25. d7 Rd8 26. Qe5 Bxd7 27. Rxd7 Rxd7 28. Qe8+ Kh7 29. Qxd7 Qxa2 30. Qf5+ 1-0

[Event "CMA Futurity ABCD"]
[Site "Montreal CAN"]
[Date "2017.04.14"]
[Round "2"]
[White "Tsypin, Allison"]
[Black "Tsanaclis, Albert"]
[Result "1/2-1/2"]
[WhiteElo "1299"]
[BlackElo "1662"]
[WhiteFideId "-1"]
[WhiteFideId "-1"]
[PlyCount "49"]
[GameId "2160767908412018"]
[EventDate "2017.04.14"]
[EventType "swiss"]
[EventRounds "5"]
[EventCountry "CAN"]
[SourceTitle "EXT 2022"]
[Source "ChessBase"]
[SourceDate "2021.10.06"]
[SourceVersion "1"]
[SourceVersionDate "2021.10.06"]
[SourceQuality "1"]

1. e4 c5 2. Nf3 Nc6 3. d4 cxd4 4. Nxd4 g6 5. Nc3 Bg7 6. Be3 Nf6 7. Be2 d5 8. exd5 Nxd5 9. Nxd5 Qxd5 10. Nxc6 bxc6 11. Qxd5 cxd5 12. Bf3 e6 13. Rb1 Ba6 14. Be2 Bxe2 15. Kxe2 d4 16. Bd2 O-O 17. Rhd1 Rfd8 18. Bb4 a5 19. Be1 Rd5 20. c3 Rad8 21. cxd4 Bxd4 22. Bc3 Re5+ 23. Kf1 Red5 24. Rxd4 Rxd4 25. Bxd4 1/2-1/2

[Event "CMA Futurity ABCD"]
[Site "Montreal CAN"]
[Date "2017.04.15"]
[Round "2"]
[White "Abbas, Talal"]
[Black "Turcotte, Jonathan"]
[Result "0-1"]
[WhiteElo "1945"]
[BlackElo "1970"]
[WhiteFideId "-1"]
[WhiteFideId "-1"]
[PlyCount "68"]
[GameId "2160767908412019"]
[EventDate "2017.04.14"]
[EventType "swiss"]
[EventRounds "5"]
[EventCountry "CAN"]
[SourceTitle "EXT 2022"]
[Source "ChessBase"]
[SourceDate "2021.10.06"]
[SourceVersion "1"]
[SourceVersionDate "2021.10.06"]
[SourceQuality "1"]

1. d4 d5 2. c4 c6 3. Nc3 Nf6 4. Nf3 e6 5. e3 Nbd7 6. Qc2 Bd6 7. Bd2 O-O 8. Bd3 dxc4 9. Bxc4 b5 10. Bd3 Bb7 11. e4 e5 12. dxe5 Nxe5 13. Nxe5 Bxe5 14. f4 Bd4 15. h3 a6 16. O-O-O h6 17. Kb1 c5 18. e5 Nd5 19. Bh7+ Kh8 20. Ne4 g6 21. Bxg6 fxg6 22. Nd6 Bc6 23. Qxg6 Qd7 24. Ka1 Qh7 25. Nf7+ Rxf7 26. Qxc6 Rd8 27. Ba5 Nb4 28. Bxb4 cxb4 29. Rhf1 Rfd7 30. Rd2 Qg7 31. Rc2 Be3 32. Qf3 Rd3 33. Re1 Bd2 34. Rxd2 Rxd2 0-1